عرض عادي
عرض مارك
- Stroustrup, Bjarne.
مدخل إسم شخص
001 - رقم الضبط
- حقل الضبط: 36707
003 - معرف رقم الضبط
- حقل الضبط: OSt
005 - تاريخ ووقت أخر عملية
- حقل الضبط: 20130821183456.0
008 - عناصر بيانات ثابتة الطول
- حقل تحكم ثابت الطول: 130821|||a|||||| | ||| d
040 ## - مصدر الفهرسة
- هيئة الفهرسة الأصلية: OSt
- وكالة الكتابة: OSt
100 ## - مدخل -- أسم شخص
- إسم شخص: Stroustrup, Bjarne.
670 ## - بيانات المصدر موجوده
- الاستشهاد بالمصدر: Work cat.: (OSt)30451: Stroustrup, Bjarne., The C++ programming language /, c1997.
